000 01406naa a22002777a 4500
001 BR8207065
003 BR-BrBNA
005 20240918175218.0
007 ta
008 230509b bl.||||| |||| 00| 0 por d
040 _aBR-BrBNA
_bpor
_cBiblioteca Nacional de Agricultura
041 _a(Pt)
072 _aF01; F04
_b1126
_bG906
090 _aF01 BR8207065
100 1 _aLacouilhe, J.J.
111 1 _a1. Simposio Brasileiro sobre Abacaxicultura
_cJaboticabal, SP (Brazil)
_d29 Nov - 3 Dec 1982
245 1 _aPesquisas realizadas sobre o abacaxi pelo I.R.F.A. [Institute de Recherches sur les Fruits et Agrumes Ananas comosus, producao vegetal, fertilidade do solo]
260 3 _aJaboticabal, SP (Brasil):
_c1982.
500 _aRuggiero, C. (ed.) 1. Simposio Brasileiro sobre Abacaxicultura Jaboticabal, SP (Brasil): 1982. p. 341-359 (BR8207065-AM)F01
650 _aABACAXI
650 _aPRODUCAO VEGETAL
650 _aFERTILIDADE DO SOLO
773 0 _t1. Simposio Brasileiro sobre Abacaxicultura
_aRuggiero, C. (ed.). Faculdade de Ciencias Agrarias e Veterinarias "Campus" de Jaboticabal, SP (Brasil);Conselho Nacional de Desenvolvimento Cientifico e Tecnologico, Brasilia, DF (Brasil);Coordenacao do Aperfeicoamento de Pessoal de Nivel Superior, Brasilia, DF (Brasil)
_wF01 BR8207065
_gJaboticabal, SP (Brasil), 1982. p. 341-359
909 _a202404
_bLucia
_c55
_dLucia Elande
942 _cAM
_2AGRIS
999 _c315643
_d315643